Statistics for Waterpolo Champions of the World

Click here to take the quiz!

General Stats

  • This quiz has been taken 195 times
  • The average score is 6 of 7

Answer Stats

Country% Correct
Serbia
94%
Italy
91%
Croatia
90%
Hungary
89%
Spain
80%
Yugoslavia
78%
Soviet Union
56%

Score Distribution

Percentile by Number Answered

Percent of People with Each Score

Your Score History

You have not taken this quiz